[Event "Catalunya Vilanova Salt 35th"]
[Site "Salt"]
[Date "2009.06.19"]
[Round "9.10"]
[White "Gubau Nadal, Ricard"]
[Black "Genover Rodriguez, Ignasi"]
[Result "0-1"]
[WhiteElo "1825"]
[BlackElo "1870"]
[PlyCount "106"]
[EventDate "2009.04.17"]
[EventType "swiss"]
[EventRounds "9"]
[EventCountry "ESP"]
[SourceTitle "EXT 2024"]
[Source "ChessBase"]
[SourceDate "2023.10.10"]
[SourceVersion "1"]
[SourceVersionDate "2023.10.10"]
[SourceQuality "1"]

1. Nf3 Nf6 2. b3 g6 3. Bb2 Bg7 4. d4 c5 5. e3 0-0 6. Bd3 cxd4 7. exd4 Nc6 8. 0-0 d5 9. a3 Bg4 10. Nbd2 Qc8 11. Qe1 Bf5 12. Qe2 Bxd3 13. Qxd3 Qc7 14. c4 e6 15. Rac1 Rac8 16. c5 b6 17. b4 bxc5 18. Rxc5 Nd7 19. Rc2 Qb6 20. Rfc1 Ne7 21. Nb3 Rxc2 22. Rxc2 Rc8 23. Nc5 Nf6 24. Ne5 Nf5 25. Ned7 Nxd7 26. Nxd7 Qd8 27. Nc5 Nd6 28. Qa6 Qb6 29. Qd3 Nc4 30. Bc1 a5 31. Bd2 axb4 32. Bxb4 Qb5 33. g3 Bf8 34. Qc3 Ra8 35. a4 Qc6 36. a5 Bxc5 37. dxc5 Qa4 38. Rc1 Rb8 39. Rb1 Nxa5 40. Qe5 Rxb4 41. Ra1 Qb5 42. Qd6 Rb1+ 43. Rxb1 Qxb1+ 44. Kg2 Qe4+ 45. Kh3 Qe1 46. Qb8+ Kg7 47. Qb2+ f6 48. c6 Qf1+ 49. Kh4 Qc4+ 50. f4 Qxc6 51. Qa3 Qc7 52. g4 Nc4 53. Qc3 Qxf4 0-1